Kalendár slovenských včelárov na rok ...

Bibliographic Details
New Title:Kalendár včelára
Other Authors: Babka, Juraj, 1868-1942 (Compiler), Novacký, Koloman, 1897-1969 (Compiler)
Format: Serial
Language:Slovak
PhysicalDescription:20 zv. 15 cm
Published: Bratislava Zemské ústredie slovenských včelárskych spolkov Slovenska 1929-1949
Prievidza Ústredie slovenských včelárskych spolkov
Prievidza Jednota slovenských včelárov
Subjects:

MARC

LEADER 00000cas a2200000 a 4500
001 vtls001371208
003 SK-MaSNL
005 20260228155714.0
008 180129d19291949xo ar 5 0 0 0slo
035 |a SNK000325010 
040 |a SNK  |b slo  |c SNK  |e AACR2 
041 0 |a slo 
044 |a xo  |c SK 
072 7 |a 638  |x Včelárstvo  |2 konspekt 
080 |a 638.1  |2 2011 
080 |a (059)  |2 2011 
245 0 0 |a Kalendár slovenských včelárov na rok ... 
246 3 3 |a Zápisný kalendár slovenských včelárov 
260 |a Bratislava  |b Zemské ústredie slovenských včelárskych spolkov Slovenska  |c 1929-1949 
260 3 |3 1939- 1948  |a Prievidza  |b Ústredie slovenských včelárskych spolkov 
260 3 |3 1949  |a Prievidza  |b Jednota slovenských včelárov 
300 |a 20 zv.  |c 15 cm 
310 |a 1x ročne 
362 0 |a Roč. 1 (1929)-roč. 20 (1949) 
500 |a Zostavovateľ: (1929), Juraj Babka; (1930-1949), Koloman Novacký 
500 |a Súčasťov názvu je konkrétny rok 
515 |a Kalendár na rok 1945 nevyšiel, ročníkovanie je však priebežné a neprerušené 
580 |a Po niekoľkoročnej prestávke pokračoval opäť v r. 1958-1959 pod názvom: Kalendár včelára 
650 0 7 |a včelárstvo  |2 SNKPH  |9 3997 
655 7 |a textové kalendáre  |2 SNKPH  |9 60816 
700 1 |a Babka, Juraj,  |d 1868-1942  |4 com  |9 168007 
700 1 |a Novacký, Koloman,  |d 1897-1969  |4 com  |9 48461 
785 0 0 |t Kalendár včelára  |w vtls010489370 
910 |a snk 
916 |a 1929-1949 
999 |c 280  |d 280 
952 |0 0  |1 0  |4 0  |7 0  |a SNK  |b SNK  |d 2010-12-08  |f 1  |i snk 396/36  |l 0  |o snkČSD 57/7/1935  |p 17A0677341  |r 2026-02-21 19:56:19  |w 2026-02-21  |y PREZ 
952 |0 0  |1 0  |4 0  |7 0  |8 3  |a SNK  |b SNK  |d 2010-12-08  |i snkK 963/71  |l 0  |o snkČSD 57/4/1932 D1  |p 17A0677968  |r 2026-02-21 19:56:20  |w 2026-02-21  |y PREZ 
952 |0 0  |1 0  |4 0  |7 0  |8 5  |a SNK  |b SNK  |d 2010-12-08  |i snkF 2250/67  |l 0  |o snkČSD 57/1/1929 D1  |p 17A0677644  |r 2026-02-21 19:56:20  |w 2026-02-21  |y PREZ 
952 |0 0  |1 0  |4 0  |7 0  |8 3  |a SNK  |b SNK  |d 2010-12-08  |i snkK 844/73  |l 0  |o snkČSD 57/1/1929 D2  |p 17A0677645  |r 2026-02-21 19:56:20  |w 2026-02-21  |y PREZ 
952 |0 0  |1 0  |4 0  |7 0  |8 5  |a SNK  |b SNK  |d 2010-12-08  |i snkF 628/87  |l 0  |o snkČSD 57/2/1930 D2  |p 17A0677705  |r 2026-02-21 19:56:20  |w 2026-02-21  |y PREZ 
952 |0 0  |1 0  |4 0  |7 0  |8 5  |a SNK  |b SNK  |d 2010-12-08  |i snkF 2251/67  |l 0  |o snkČSD 57/3/1931 D1  |p 17A0677878  |r 2026-02-21 19:56:20  |w 2026-02-21  |y PREZ 
952 |0 0  |1 0  |4 0  |7 0  |a SNK  |b SNK  |d 2022-04-11  |f 1  |i snk 2109/37  |l 0  |o snkČSD 57/2/1930  |p 17A0729154  |r 2026-02-21 20:00:21  |w 2026-02-21  |y PREZ 
952 |0 0  |1 0  |4 0  |7 0  |a SNK  |b SNK  |d 2022-04-11  |f 1  |i snk 1725/36  |l 0  |o snkČSD 57/8/1936  |p 17A0729155  |r 2026-02-21 20:00:21  |w 2026-02-21  |y PREZ 
952 |0 0  |1 0  |4 0  |7 0  |8 3  |a SNK  |b SNK  |d 2022-04-11  |f 1  |i snkK 959/71  |l 0  |o snkČSD 57/14/1942  |p 17A0729156  |r 2026-02-21 20:00:21  |w 2026-02-21  |y PREZ 
952 |0 0  |1 0  |4 0  |7 0  |8 3  |a SNK  |b SNK  |d 2022-04-11  |f 1  |i snkK 961/71  |l 0  |o snkČSD 57/16/1944  |p 17A0729157  |r 2026-02-21 20:00:21  |w 2026-02-21  |y PREZ 
952 |0 0  |1 0  |4 0  |7 0  |8 5  |a SNK  |b SNK  |d 2022-04-11  |i snkF 2040/88  |l 0  |o snkČSD 57/19/1948 D2  |p 17A1462879  |r 2026-02-21 20:00:21  |w 2026-02-21  |y PREZ 
952 |0 0  |1 0  |4 0  |7 0  |8 3  |a SNK  |b SNK  |d 2009-02-25  |i snkK 848/73  |l 0  |o snkČSD 57/16/1944 D1  |p 17A0611644  |r 2026-02-21 20:07:08  |w 2026-02-21  |y PREZ 
952 |0 0  |1 0  |4 0  |7 0  |a SNK  |b SNK  |d 2010-12-08  |f 1  |i snk 1058/38  |l 0  |o snkČSD 57/10/1938  |p 17A0677657  |r 2026-02-21 20:08:52  |w 2026-02-21  |y PREZ 
952 |0 0  |1 0  |4 0  |7 0  |a SNK  |b SNK  |d 2009-02-25  |f 1  |i snk 1206/37  |l 0  |o snkČSD 57/9/1937  |p 17A0611637  |r 2026-02-21 20:15:18  |w 2026-02-21  |y PREZ 
952 |0 0  |1 0  |4 0  |7 0  |8 5  |a SNK  |b SNK  |d 2013-02-05  |i snkF 2941/79  |l 0  |o snkČSD 57/5/1933 D1  |p 17A1052475  |r 2026-02-21 21:23:34  |w 2026-02-21  |y PREZ 
952 |0 0  |1 0  |4 0  |7 0  |8 3  |a SNK  |b SNK  |d 2013-02-05  |i snkK 967/71  |l 0  |o snkČSD 57/11/1939 D2  |p 17A1052474  |r 2026-02-21 21:23:34  |w 2026-02-21  |y PREZ 
952 |0 0  |1 0  |4 0  |7 0  |8 3  |a SNK  |b SNK  |d 2013-02-05  |i snkK 847/73  |l 0  |o snkČSD 57/15/1943 D1  |p 17A1052469  |r 2026-02-21 21:30:43  |w 2026-02-21  |y PREZ 
952 |0 0  |1 0  |4 0  |7 0  |a SNK  |b SNK  |d 2013-02-05  |i snkI. 3686/47  |l 0  |o snkČSD 57/18/1947 D1  |p 17A1052471  |r 2026-02-21 21:30:43  |w 2026-02-21  |y PREZ 
952 |0 0  |1 0  |4 0  |7 0  |8 3  |a SNK  |b SNK  |d 2013-02-05  |i snkK 968/71  |l 0  |o snkČSD 57/19/1948 D1  |p 17A1052472  |r 2026-02-21 21:30:43  |w 2026-02-21  |y PREZ 
952 |0 0  |1 0  |4 0  |7 0  |a SNK  |b SNK  |d 2013-02-05  |i snkČSP 685/57  |l 0  |o snkČSD 57/20/1949 D1D1  |p 17A1052473  |r 2026-02-21 21:30:43  |w 2026-02-21  |y PREZ 
952 |0 0  |1 0  |4 0  |7 0  |a SNK  |b SNK  |d 1999-08-31  |f 1  |i snkI. 140/40  |l 0  |o snkČSD 57/12/1940  |p 17A0207450  |r 2005-01-02 00:00:00  |w 2026-02-21  |y PREZ 
952 |0 0  |1 0  |4 0  |7 0  |8 3  |a SNK  |b SNK  |d 2000-01-12  |g 1.66  |i snkK 1497/99  |l 0  |o snkČSD 57/9/1937 D1  |p 17A0222007  |r 2005-01-02 00:00:00  |w 2026-02-21  |y PREZ 
952 |0 0  |1 0  |4 0  |7 0  |8 3  |a SNK  |b SNK  |d 2000-01-12  |g 1.66  |i snkK 1498/99  |l 0  |o snkČSD 57/12/1940 D1  |p 17A0222008  |r 2005-01-02 00:00:00  |w 2026-02-21  |y PREZ 
952 |0 0  |1 0  |4 0  |7 0  |8 3  |a SNK  |b SNK  |d 2000-01-12  |g 1.66  |i snkK 1499/99  |l 0  |o snkČSD 57/13/1941 D1  |p 17A0222009  |r 2005-01-02 00:00:00  |w 2026-02-21  |y PREZ 
952 |0 0  |1 0  |4 0  |7 0  |8 3  |a SNK  |b SNK  |d 2000-01-12  |f 1  |i snkK 962/71  |l 0  |o snkČSD 57/17/1946  |p 17A0207426  |r 2005-01-02 00:00:00  |w 2026-02-21  |y PREZ 
952 |0 0  |1 0  |4 0  |7 0  |8 3  |a SNK  |b SNK  |d 2000-01-12  |g 1.66  |i snkK 1500/99  |l 0  |o snkČSD 57/17/1946 D1  |p 17A0222010  |r 2005-01-02 00:00:00  |w 2026-02-21  |y PREZ 
952 |0 0  |1 0  |4 0  |7 0  |8 3  |a SNK  |b SNK  |d 2000-01-12  |f 1  |i snkK 958/71  |l 0  |o snkČSD 57/13/1941  |p 17A0207482  |r 2005-01-02 00:00:00  |w 2026-02-21  |y PREZ 
952 |0 0  |1 0  |4 0  |7 0  |8 3  |a SNK  |b SNK  |d 2000-06-20  |g 2.49  |i snkK 400/2000  |l 0  |o snkČSD 57/6/1934 D1  |p 17A0242801  |r 2005-01-02 00:00:00  |w 2026-02-21  |y PREZ 
952 |0 0  |1 0  |4 0  |7 0  |a SNK  |b SNK  |d 2009-02-25  |f 1  |i snk 1035/39  |l 0  |o snkČSD 57/11/1939  |p 17A0606034  |r 2026-02-21 21:41:02  |w 2026-02-21  |y PREZ 
952 |0 0  |1 0  |4 0  |7 0  |8 3  |a SNK  |b SNK  |d 2009-02-25  |i snkK 966/71  |l 0  |o snkČSD 57/10/1938 D1  |p 17A0611322  |r 2026-02-21 21:41:02  |w 2026-02-21  |y PREZ 
952 |0 0  |1 0  |4 0  |7 0  |8 1  |a SNK  |b SNK  |d 2009-02-25  |f 1  |i snkČSD 137/57  |l 0  |o snkČSD 57/1/1929  |p 17A0606102  |r 2026-02-21 21:41:02  |w 2026-02-21  |y PREZ 
952 |0 0  |1 0  |4 0  |7 0  |8 3  |a SNK  |b SNK  |d 2009-02-25  |i snkK 845/73  |l 0  |o snkČSD 57/2/1930 D1  |p 17A0606033  |r 2026-02-21 21:41:02  |w 2026-02-21  |y PREZ 
952 |0 0  |1 0  |4 0  |7 0  |8 3  |a SNK  |b SNK  |d 2009-02-25  |f 1  |i snkK 957/71  |l 0  |o snkČSD 57/3/1931  |p 17A0606031  |r 2026-02-21 21:41:07  |w 2026-02-21  |y PREZ 
952 |0 0  |1 0  |4 0  |7 0  |a SNK  |b SNK  |d 2009-02-25  |f 1  |i snk1872/36  |l 0  |o snkČSD 57/4/1932  |p 17A0606092  |r 2026-02-21 21:41:07  |w 2026-02-21  |y PREZ 
952 |0 0  |1 0  |4 0  |7 0  |8 3  |a SNK  |b SNK  |d 2009-02-25  |f 1  |i snkK 956/71  |l 0  |o snkČSD 57/5/1933  |p 17A0606091  |r 2026-02-21 21:41:08  |w 2026-02-21  |y PREZ 
952 |0 0  |1 0  |4 0  |7 0  |8 3  |a SNK  |b SNK  |d 2009-02-25  |f 1  |i snkK 272/80  |l 0  |o snkČSD 57/6/1934  |p 17A0611649  |r 2026-02-21 21:41:08  |w 2026-02-21  |y PREZ 
952 |0 0  |1 0  |4 0  |7 0  |8 3  |a SNK  |b SNK  |d 2009-02-25  |i snkK 964/71  |l 0  |o snkČSD 57/7/1935 D1  |p 17A0611648  |r 2026-02-21 21:41:08  |w 2026-02-21  |y PREZ 
952 |0 0  |1 0  |4 0  |7 0  |8 3  |a SNK  |b SNK  |d 2009-02-25  |i snkK 965/71  |l 0  |o snkČSD 57/8/1936 D1  |p 17A0611647  |r 2026-02-21 21:41:08  |w 2026-02-21  |y PREZ 
952 |0 0  |1 0  |4 0  |7 0  |8 3  |a SNK  |b SNK  |d 2009-02-25  |f 1  |i snkVIII. 480/49  |l 0  |o snkČSD 57/20/1949  |p 17A0611646  |r 2026-02-21 21:41:08  |w 2026-02-21  |y PREZ 
952 |0 0  |1 0  |4 0  |7 0  |8 3  |a SNK  |b SNK  |d 2009-02-25  |f 1  |i snkVIII. 2973/48  |l 0  |o snkČSD 57/19/1948  |p 17A0611645  |r 2026-02-21 21:41:08  |w 2026-02-21  |y PREZ 
952 |0 0  |1 0  |4 0  |7 0  |8 3  |a SNK  |b SNK  |d 2009-02-25  |f 1  |i snkVIII. 232/47  |l 0  |o snkČSD 57/18/1947  |p 17A0606084  |r 2026-02-21 21:41:08  |w 2026-02-21  |y PREZ 
952 |0 0  |1 0  |4 0  |7 0  |8 3  |a SNK  |b SNK  |d 2009-02-25  |f 1  |i snkK 960/71  |l 0  |o snkČSD 57/15/1943  |p 17A0611654  |r 2026-02-21 21:41:08  |w 2026-02-21  |y PREZ 
952 |0 0  |1 0  |4 0  |7 0  |8 3  |a SNK  |b SNK  |d 2009-02-25  |i snkK 937/72  |l 0  |o snkČSD 57/14/1942 D1  |p 17A0611653  |r 2026-02-21 21:41:08  |w 2026-02-21  |y PREZ